000 00897nab a22002297a 4500
001 307
005 20251119110704.0
006 a|||||r|||| 00| 0
007 ta
008 250508b2017 ag |||||o|||| 00| 0 spa d
040 _aAR-EsCIE
_cAR-EsCIE
245 1 0 _aNuevas especies de hyminochaetaceae poroides (hymenochaetales, basidiomycota) del sur de Chile /
_cM. Rajchenberg, M. B. Pildain, J. Becerra, R. Reinoso Cendoya y D. Cajas Madariaga.
700 1 _aRajchenberg, Mario,
_d1954-
_9107
700 1 _aPildain, María Belén,
_d1972-
_922
700 1 _aBecerra, José
_9387
700 1 _aReinoso Cendoya, R.
_9636
700 1 _aCajas Madariaga, D.
_9637
773 _gp. 297.
_tJornadas argentinas de botánica (36ª : 18-22 de septiembre 2017 : Mendoza)
856 _uhttps://botanicaargentina.org.ar/wp-content/uploads/2017/09/SAB-2018-1.pdf
910 _aPG20250508
942 _2ddc
_cCF
_n0
999 _c307
_d307